Monitorovanie krvného tlaku

Podrobná bibliografia
Hlavný autor: Pivková, Miroslava (Autor)
Médium: Článok
Jazyk:slovenčina

MARC

LEADER 00000nab a2200000ua 4500
001 vtls010830935
003 SK-MaSNL
005 20260303144525.0
008 230222s2004 xo |||||||||||||||||slo|
035 |a (urnnbn)urn:nbn:sk:snk:ar-a06hle 
035 |a urn:nbn:sk:snk-ab5vxy 
035 |a (uuid)b74ccbe9-1819-4261-95ba-205e22a025eb 
040 |a SNKBUCL  |b slo  |c SNKBUCL  |e AACR2 
041 0 |a slo 
044 |a xo  |c SK 
100 1 |a Pivková, Miroslava  |4 aut  |9 1166168 
245 1 0 |a Monitorovanie krvného tlaku  |c Miroslava Pivková 
773 0 |t Sestra : odborný mesačník pre ošetrovateľstvo  |g Roč. 3, č. 12 (2004), s. 40-41 
954 |a odborná, vedecká literatúra pôvodná (slovenská)  |2 lita 
958 |a OND 
958 |a EUIPO 
958 |a article5 
999 |c 1997706  |d 1999636